Erfolgreichste Filme der 70er - Statistiken

Allgemein
  • Dieses Quiz wurde 96 mal gespielt
  • Das Durchschnittsergebnis liegt bei 6 aus 20
Antwortstatistiken
Zuschauer Beschreibung Film % Korrekt
7.198.628 Um ihr Dorf zu retten müssen zwei Gallier 12 Aufgaben meistern Asterix erobert Rom
89%
7.000.000 Riesenhai frisst Schwimmer und Menschen in kleinen Booten Der weiße Hai
86%
6.943.649 Ein britischer Agent und eine sowjetische Agentin müssen zusammen den 3. Weltkrieg verhindern Der Spion, der mich liebte
73%
6.237.000 Agent wird bei der Infiltrierung eines Schmugglerrings erneut mit seinem Erzfeind konfrontiert Diamantenfieber
73%
6.000.000 Agent besiegt einen an Voodoo glaubenden Drogenbaron Leben und sterben lassen
73%
5.200.000 College-Junge wird Oberhaupt einer Mafia-Familie Der Pate
70%
6.287.013 Ein Niemand verhilft einem alten Revolverhelden zum Ruhestand Mein Name ist Nobody
31%
5.600.000 Insassen einer Psychiatrie werden von einer bösen Krankenschwester gequält Einer flog über das Kuckucksnest
20%
8.261.288 Zwei Mäuse befreien ein entführtes Waisenmädchen Bernard und Bianca
19%
6.900.000 Teenagerinnen machen ihre ersten sexuellen Erfahrungen Schulmädchen-Report
17%
11.300.000 Zwei ungleiche Brüder versuchen als Pferdediebe Karriere zu machen Vier Fäuste für ein Halleluja
14%
8.500.000 Der Mörder eines Zuhälters versucht aus einer Strafkolonie zu fliehen Papillon
9%
6.100.000 Zwei Betrüger versuchen Rache an einem Mafia-Boss zu üben Der Clou
7%
5.107.000 Die Beziehung zweier Studenten unterschiedlicher Klassen führt zur Katastrophe Love Story
6%
5.312.400 Ein ehemaliger Football-Spieler trainiert seine Landsleute, um gegen die Amerikaner zu siegen Sie nannten ihn Mücke
4%
5.200.000 Ein depressiver Mann beginnt eine sexuelle Beziehung mit einer 25 Jahre jüngeren Frau Der letzte Tango in Paris
3%
6.427.961 Zwei Tagediebe retten Edelsteinschürfer mit ihren Fäusten vor der Ausbeutung Zwei Himmelhunde auf dem Weg zur Hölle
3%
5.946.000 Zwei Brüder retten eine Gruppe Mormonen durch eine Prügelei Die rechte und die linke Hand des Teufels
1%
5.121.600 Ein Polizist versucht, sich als Menschen tarnende Aliens aus St. Tropez zu vertreiben Louis' unheimliche Begegnung mit den Außerirdischen
1%
5.244.000 Zwei Halbbrüder stoppen eine Casino-Mafia Zwei sind nicht zu bremsen
0%
Keine übereinstimmenden Quizze gefunden
Verteilung der Resultate
Anzahl Personen mit jedem Resultat
Perzentil nach korrekt beantworteten Fragen
Ihre Resultats-Entwicklung
Sie haben dieses Quiz noch nicht gespielt